Statistics for Oxford Dictionaries Top 1000 English Words - 50 Start with D

Click here to take the quiz!

General Stats

  • This quiz has been taken 4,608 times
  • The average score is 15 of 50

Answer Stats

D% Correct
Do
100%
Day
74%
Die
66%
Door
64%
Date
59%
Deal
58%
Drive
54%
Drink
50%
Death
47%
Down
45%
Deep
44%
Drop
43%
Decide
42%
Draw
41%
Different
39%
Due
35%
Doubt
33%
Doctor
31%
Decision
30%
Demand
29%
Data
28%
Difference
27%
Direct
27%
Depend
25%
Deliver
24%
Define
23%
Drug
23%
Debate
22%
Detail
22%
During
22%
Degree
21%
Determine
21%
Damage
20%
Decade
20%
Design
20%
Discuss
20%
Driver
20%
Defence
19%
Difficult
18%
Demonstrate
15%
Develop
15%
Describe
14%
Director
14%
Discussion
14%
Discover
13%
Disease
12%
Display
12%
Development
11%
Document
11%
Despite
9%

Score Distribution

Percentile by Number Answered

Percent of People with Each Score

Your Score History

You have not taken this quiz